UM Logo

What skills related to the control-of-variables strategy need to be taught, and who gains most? differential effects of a training intervention / (Record no. 23274)

MARC details
000 -LEADER
fixed length control field 01225nam a22002657a 4500
003 - CONTROL NUMBER IDENTIFIER
control field OSt
005 - DATE AND TIME OF LATEST TRANSACTION
control field 20260304112709.0
008 - FIXED-LENGTH DATA ELEMENTS--GENERAL INFORMATION
fixed length control field 250107b |||||||| |||| 00| 0 eng d
040 ## - CATALOGING SOURCE
Transcribing agency 0
082 ## - DEWEY DECIMAL CLASSIFICATION NUMBER
Classification number DPer 370.15 J826 July-August 2023 v. 115 n. 5-6
100 ## - MAIN ENTRY--PERSONAL NAME
Personal name Peteranderl, Sonja.
Relator term author.
9 (RLIN) 64434
245 ## - TITLE STATEMENT
Title What skills related to the control-of-variables strategy need to be taught, and who gains most? differential effects of a training intervention /
Statement of responsibility, etc. Sonja Peteranderl, Peter Adriaan Edelsbrunner, Anne Deiglmayr, Ralph Schumacher, and Elsbeth Stern.
260 ## - PUBLICATION, DISTRIBUTION, ETC. (IMPRINT)
Place of publication, distribution, etc. Washington, DC ;
Name of publisher, distributor, etc. American Psychological Association ,
Date of publication, distribution, etc. August 2023.
300 ## - PHYSICAL DESCRIPTION
Extent Volume 115, pages 813-835 :
Other physical details illustration ;
Dimensions 28 cm.
500 ## - GENERAL NOTE
General note Journal of Educational Psychology, vol. 115, no. 6, pages 813-835, August 2023.
650 #0 - SUBJECT ADDED ENTRY--TOPICAL TERM
Topical term or geographic name as entry element Program effectiveness.
9 (RLIN) 64954
650 #0 - SUBJECT ADDED ENTRY--TOPICAL TERM
Topical term or geographic name as entry element Skill development.
9 (RLIN) 64955
650 #0 - SUBJECT ADDED ENTRY--TOPICAL TERM
Topical term or geographic name as entry element Science process skills.
9 (RLIN) 64956
700 ## - ADDED ENTRY--PERSONAL NAME
Personal name Peteranderl, Sonja.
Relator term author.
9 (RLIN) 64434
700 ## - ADDED ENTRY--PERSONAL NAME
Personal name Edelsbrunner, Peter Adriaan.
Relator term author.
9 (RLIN) 64721
700 ## - ADDED ENTRY--PERSONAL NAME
Personal name Deiglmayr, Anne.
Relator term author.
9 (RLIN) 64722
700 ## - ADDED ENTRY--PERSONAL NAME
Personal name Schumacher, Ralph.
Relator term author.
9 (RLIN) 64723
700 ## - ADDED ENTRY--PERSONAL NAME
Personal name Stern, Elsbeth.
Relator term author.
9 (RLIN) 64724
942 ## - ADDED ENTRY ELEMENTS (KOHA)
Source of classification or shelving scheme Dewey Decimal Classification
Koha item type Periodicals
Holdings
Withdrawn status Lost status Source of classification or shelving scheme Damaged status Not for loan Collection code Home library Current library Date acquired Total Checkouts Full call number Date last seen Price effective from Koha item type Public note
    Dewey Decimal Classification     Periodicals UM Digos College - LIC UM Digos College - LIC 01/07/2025   DPer 370.15 J826 July-August 2023 v. 115 n. 5-6 01/07/2025 01/07/2025 Periodicals Periodical Article